000 00373nam a2200145Ia 4500
100 _aKolman Bernand/ Busby Robert C
942 _cBK
654 _aMathematical sructures
245 _aDiscrete mathematical sructures For computer science
260 _bPrentice Hall
_aNew Delhi
_c1994
082 _a512.1
_bKOL/BUS
300 _a464
546 _aENGLISH
999 _c34317
_d34317